Loading...
Mythology | 0 | 6 | 0 | 0 | 60 | 63 | 83.67 | 2 | 6 |
Social Science | 0 | 4 | 0 | 1 | 40 | 118 | 122.25 | 0 | 1 |
Science - Biology | 0 | 3 | 0 | 1 | 30 | 81 | 103.00 | 1 | 2 |
Science - Chemistry | 0 | 2 | 0 | 0 | 20 | 113 | 121.50 | 0 | 1 |
Religion | 0 | 2 | 0 | 0 | 20 | 48 | 87.00 | 1 | 2 |
Fine Arts - Painting & Sculpture | 0 | 2 | 0 | 1 | 20 | 102 | 110.00 | 0 | 1 |
History - Other History | 0 | 2 | 0 | 0 | 20 | 77 | 106.50 | 0 | 2 |
Literature - European Literature | 0 | 1 | 0 | 1 | 10 | 140 | 140.00 | 0 | 0 |
History - American History | 0 | 1 | 0 | 0 | 10 | 111 | 111.00 | 0 | 1 |
History - European History | 0 | 1 | 0 | 0 | 10 | 112 | 112.00 | 0 | 1 |
History - World History | 0 | 1 | 0 | 0 | 10 | 127 | 127.00 | 0 | 0 |
Fine Arts - Other Fine Arts | 0 | 1 | 0 | 0 | 10 | 55 | 55.00 | 1 | 1 |
Other | 0 | 1 | 0 | 1 | 10 | 143 | 143.00 | 0 | 1 |
Literature - American Literature | 0 | 0 | 0 | 0 | 0 | 0.00 | 0 | 0 |